00482nam a2200169 a 4500008004100000020002500041100001900066245003900085260005000124300002700174504004100201500002000242650002300262003000100285005001700286040000900303  a9780521144063 (pbk).1 aKlabbers, Jan.10aInternational law /cJan Klabbers. aLondon :bCambridge University Press ,c2013. axii, 350 p. ;c25 cm. aIncludes bibliographical references. aIncludes index. 0aInternational law.20230123122128.0 cNUST